Detalles MARC
| 000 -LEADER |
| longitud fija campo de control |
01970nam a22003857a 4500 |
| 003 - IDENTIFICADOR DE NUMERO DE CONTROL |
| control del campo |
AR-RoUNA |
| 005 - FECHA DE LA ULTIMA MODIFICACION |
| control del campo |
20250724125931.0 |
| 008 - CAMPO DE CONTROL - LIBROS |
| longitud fija campo de control |
250722b |||||||| |||| 00| 0 spa d |
| 020 ## - INTERNATIONAL STANDARD BOOK NUMBER |
| ISBN |
84-7433-668-6 |
| 040 ## - ORIGEN DE LA CATALOGACION |
| Agencia que cataloga la obra original |
AR-RoUNA |
| Idioma en que se cataloga |
spa |
| Entidad que modifico el registro |
AR-RoUNA |
| 041 ## - CODIGO DE IDIOMA |
| Codigo de idioma del texto / sonido o titulo separado |
spa |
| 044 ## - CODIGO DE PAIS / ENTIDAD PRODUCTORA |
| Codigo MARC del pais |
ag |
| 110 ## - ASIENTO PRINCIPAL - AUTOR INSTITUCIONAL |
| Nombre corporativo o de jurisdiccion como elemento de entrada |
Ministerio de Obras publicas y urbanismo |
| 9 (RLIN) |
27283 |
| 245 10 - TITULO PROPIAMENTE DICHO |
| Titulo |
Tesauro de medio ambiente |
| 260 ## - EDITORIAL - PUBLICACION, DISTRIBUCION, ETC. (Pie de imprenta) |
| Lugar de publicacion, distribucion, etc |
Madrid : |
| Nombre del editor, distribuidor, etc |
Secretaría General Técnica. Centro de Publicaciones. Ministerio de Obras Publicas y urbanismo (MOPU), |
| Fecha de publicacion |
1990. |
| 300 ## - DESCRIPCION FISICA |
| Extension |
319 p.: |
| Dimensiones |
30x21 cm. |
| 490 ## - MENCION DE SERIE |
| Titulo de la serie |
Textos y Documentos de la Secretaria General de Medio Ambiente |
| 505 0# - NOTA DE CONTENIDO CON FORMATO |
| Título |
INDICE |
| 505 0# - NOTA DE CONTENIDO CON FORMATO |
| Título |
INTRODUCCION |
| 505 0# - NOTA DE CONTENIDO CON FORMATO |
| Título |
Aplicación informática para confeccion, consulta y edición del Tesauro de Medio Ambiente. |
| 505 0# - NOTA DE CONTENIDO CON FORMATO |
| Título |
Bibliografía sobre tesauros relacionado con Medio Ambiente. |
| 505 0# - NOTA DE CONTENIDO CON FORMATO |
| Título |
Indice de microtesauros. p. 1 |
| 505 0# - NOTA DE CONTENIDO CON FORMATO |
| Título |
Tesauro temático. p. 5 |
| 505 0# - NOTA DE CONTENIDO CON FORMATO |
| Título |
Tesauro alfabético. p. 45 |
| 505 0# - NOTA DE CONTENIDO CON FORMATO |
| Título |
Indice permutado. p. 274 |
| 520 3# - NOTA DE RESUMEN |
| Nota de resumen, etc. |
El Tesauro de Medio Ambiente de la Secretaria General de Medio Ambiente del MOPU, es el resultado de la revisión dela parte de Tesauro incluida en el estudio GLOSARIO SOBRE ORDENACION DEL TERRITORIO; URBANISMO Y MEDIO AMBIENTE, adjudicado por el extinguido CEOTMA (Centro de Estudios de Ordenación del Territorio y Medio Ambiente ) a FUINCA para la realización. Fue planificado y estructurado con la finalidad de "Servir de instrumento que permita la descripción de documentos, especialmente aquellos que hagan referencia a temas de Urbanismo, Ordenación de Territorio y Medio Ambiente, y a la recuperación posterior de los mismos. |
| 650 #4 - MATERIA - TERMINO TEMATICO |
| Término temático general |
Tesauros |
| 650 #4 - MATERIA - TERMINO TEMATICO |
| Término temático general |
Medio ambiente |
| 650 #4 - MATERIA - TERMINO TEMATICO |
| Término temático general |
Ecologia |
| 700 1# - ENTRADA SECUNDARIA - NOMBRES PERSONALES |
| 9 (RLIN) |
27285 |
| Nombre personal |
Pallardó Comas, Ma. Flores |
| 908 ## - SOPORTE |
| Soporte |
Imp |
| 942 ## - FUENTE DE CLASIFICACION |
| Clasificacion |
Universal Decimal Classification |
| Tipo de item |
Libro |
| 945 ## - INFORMACION DE PROCESAMIENTO |
| Fecha de ingreso o modificacion |
2025-07-22 |
| 980 ## - DECLARACIÓN DE EQUIVALENCIA O SERIE DE REFERENCIA CRUZADA - NOMBRE / TÍTULO PERSONAL [LOCAL, CANADÁ] |
| Código del operador |
5 |
| Nombre del operador |
María Machado |
| Código del operador que modifico el registro |
5 |
| Nombre del operador que modifico el registro |
María Machado |